[Event "Saint Affrique op 22nd"]
[Site "Saint Affrique"]
[Date "2014.07.25"]
[Round "8"]
[White "Nguyen, Noam"]
[Black "Bois D`Enghien, Noumea"]
[Result "1/2-1/2"]
[WhiteElo "1350"]
[BlackElo "1240"]
[PlyCount "83"]
[EventDate "2014.07.19"]
[EventType "swiss"]
[EventRounds "9"]
[EventCountry "FRA"]
[SourceTitle "CBM 161 Extra"]
[Source "ChessBase"]
[SourceDate "2014.08.29"]
[SourceVersion "1"]
[SourceVersionDate "2014.08.29"]
[SourceQuality "1"]

1. c4 e5 2. Nc3 Nc6 3. g3 b6 4. Bg2 Bb7 5. d3 Bc5 6. Nf3 f6 7. a3 Nd4 8. 0-0 Nxf3+ 9. exf3 Rb8 10. b4 Bd4 11. Bb2 d5 12. cxd5 Bxd5 13. Nxd5 Bxb2 14. Ra2 Qxd5 15. Rxb2 Ne7 16. Qa4+ b5 17. Qxa7 Rc8 18. Rc2 Qd6 19. Qb7 c6 20. Rfc1 0-0 21. f4 Rc7 22. fxe5 fxe5 23. Qb6 Rfc8 24. Qe3 Nd5 25. Bxd5+ cxd5 26. Rxc7 Rxc7 27. Rxc7 Qxc7 28. d4 e4 29. f3 Qe7 30. fxe4 dxe4 31. d5 Qe5 32. Kf2 Qxd5 33. Qf4 h6 34. Ke3 Qd3+ 35. Kf2 Qc2+ 36. Kg1 Qd1+ 37. Kg2 Qe2+ 38. Kh3 e3 39. Qb8+ Kh7 40. Qf4 Qd2 41. Kg4 Qd3 42. Kf3 1/2-1/2

[Event "Saint Affrique op 22nd"]
[Site "Saint Affrique"]
[Date "2014.07.23"]
[Round "6"]
[White "Nguyen, Noam"]
[Black "Hirschmann, Georges"]
[Result "0-1"]
[WhiteElo "1350"]
[BlackElo "1801"]
[PlyCount "44"]
[EventDate "2014.07.19"]
[EventType "swiss"]
[EventRounds "9"]
[EventCountry "FRA"]
[SourceTitle "CBM 161 Extra"]
[Source "ChessBase"]
[SourceDate "2014.08.29"]
[SourceVersion "1"]
[SourceVersionDate "2014.08.29"]
[SourceQuality "1"]

1. c4 Nf6 2. Nc3 c6 3. Nf3 d5 4. cxd5 cxd5 5. d3 Nc6 6. g3 g6 7. Bg2 Bg7 8. d4 0-0 9. 0-0 a6 10. Bg5 h6 11. Be3 Ng4 12. Bf4 g5 13. Bd2 e6 14. Qc2 Nxd4 15. Nxd4 Bxd4 16. e3 Bg7 17. Bh3 Ne5 18. Bg2 Bd7 19. b3 Rc8 20. Rac1 Bb5 21. Rfe1 Nd3 22. Nxb5 Rxc2 0-1